| 000 | 01047nam a22003497a 4500 | ||
|---|---|---|---|
| 003 | CHAP | ||
| 005 | 20220329140148.0 | ||
| 008 | 971013s1970 r 00010 d | ||
| 010 | _a47919 | ||
| 011 | _a48891 | ||
| 035 | _a53039 | ||
| 040 | _cCHAP | ||
| 090 | _aFolleto 5032y | ||
| 100 | 0 | 0 |
_aRhodes, Frank H. T. _997154 |
| 245 | 1 | _aFósiles | |
| 260 |
_aBarcelona : _bDaimon, _c1970 |
||
| 300 |
_a160 p. _b: ilus. |
||
| 490 | _aPequeña biblioteca Daimon | ||
| 590 |
_aBATCH-UPD _b10 _c20130110 _lUCH01 _h0209 |
||
| 590 |
_aBATCH-UPD _b10 _c20130110 _lUCH01 _h2057 |
||
| 590 |
_aBATCH-UPD _b10 _c20130409 _lUCH01 _h2224 |
||
| 590 |
_aBATCH-UPD _b10 _c20130410 _lUCH01 _h1410 |
||
| 590 |
_aBATCH-UPD _b10 _c20130914 _lUCH01 _h1856 |
||
| 590 |
_aCONVERSION _b10 _c20130109 _lUCH01 _h1326 |
||
| 650 | 1 | 4 |
_aPaleontología. _984907 |
| 700 | 0 |
_aShaffer, P. R. _9105449 |
|
| 700 | 0 |
_aZim, H. _9124028 |
|
| 830 | 0 |
_aPequeña biblioteca Daimon _986952 |
|
| 901 | _aBK | ||
| 942 | _cFOLL | ||
| 949 |
_aFolleto 5032y _bBC _cFOLL _d-117841 _eTS1 _i53039 _si _t65.00 |
||
| 999 |
_c47919 _d47919 |
||